NLSUI OPAC header image

Evluation and legal theory (Record no. 19804)

MARC details
000 -LEADER
fixed length control field 00597nam a2200205Ia 4500
003 - CONTROL NUMBER IDENTIFIER
control field OSt
005 - DATE AND TIME OF LATEST TRANSACTION
control field 20210923151614.0
008 - FIXED-LENGTH DATA ELEMENTS--GENERAL INFORMATION
fixed length control field 160316s2001 xxu||||| |||| 00| 0 eng d
040 ## - CATALOGING SOURCE
Transcribing agency .
082 ## - DEWEY DECIMAL CLASSIFICATION NUMBER
Classification number 340.1 DIC
Item number DIC
100 ## - MAIN ENTRY--PERSONAL NAME
Personal name Dickson Julie
245 ## - TITLE STATEMENT
Title Evluation and legal theory
260 ## - PUBLICATION, DISTRIBUTION, ETC.
Place of publication, distribution, etc. Oxford
Name of publisher, distributor, etc. Hart Publihsing
Date of publication, distribution, etc. 2001
300 ## - PHYSICAL DESCRIPTION
Extent 148p
Dimensions xi
365 ## - TRADE PRICE
Price amount Rs.883.60
650 ## - SUBJECT ADDED ENTRY--TOPICAL TERM
Topical term or geographic name entry element 1. Legal Theory - Evaluations2. Legal Philisophy - Evaluations
700 ## - ADDED ENTRY--PERSONAL NAME
Personal name
--
856 ## - ELECTRONIC LOCATION AND ACCESS
Uniform Resource Identifier <a href="https://www.bloomsburyprofessional.com/uk/evaluation-and-legal-theory-9781841130811/">https://www.bloomsburyprofessional.com/uk/evaluation-and-legal-theory-9781841130811/</a>
942 ## - ADDED ENTRY ELEMENTS (KOHA)
Source of classification or shelving scheme Dewey Decimal Classification
Koha item type BOOKs
Holdings
Withdrawn status Lost status Damaged status Not for loan Home library Current library Shelving location Date acquired Cost, normal purchase price Total Checkouts Full call number Barcode Date last seen Price effective from Koha item type
        . . Library Compactors 30.05.2017 883.60   340.1 DIC 17976 30.05.2017 30.05.2017 BOOKs